HOW TO DRAW PERSPECTIVE (Record no. 1222104)

MARC details
000 -LEADER
fixed length control field 00375nam a22001577a 4500
005 - DATE AND TIME OF LATEST TRANSACTION
control field 20260527115436.0
008 - FIXED-LENGTH DATA ELEMENTS--GENERAL INFORMATION
fixed length control field 260527b |||||||| |||| 00| 0 eng d
041 ## - LANGUAGE CODE
Source of code ENGLISH
100 ## - MAIN ENTRY--PERSONAL NAME
Personal name PAGE ONE
245 ## - TITLE STATEMENT
Title HOW TO DRAW PERSPECTIVE
250 ## - EDITION STATEMENT
Edition statement 2011
260 ## - PUBLICATION, DISTRIBUTION, ETC. (IMPRINT)
Place of publication, distribution, etc SINGAPORE
Name of publisher, distributor, etc PAGE ONE PUBLISHING
Date of publication, distribution, etc 1/12/2025
300 ## - PHYSICAL DESCRIPTION
Extent P-350
365 ## - TRADE PRICE
Price amount 1995.00
942 ## - ADDED ENTRY ELEMENTS (KOHA)
Item type Book

No items available.